Catálogo público

Diseño curricular basado en competencias para la modalidad abierta y a distancia: (Record no. 109325)

MARC details
000 -CABECERA
campo de control de longitud fija 01127nam a2200289 a 4500
001 - NÚMERO DE CONTROL
campo de control 000112864
003 - IDENTIFICADOR DEL NÚMERO DE CONTROL
campo de control CHAP
005 - FECHA Y HORA DE LA ÚLTIMA TRANSACCIÓN
campo de control 20220329144325.0
008 - DATOS DE LONGITUD FIJA--INFORMACIÓN GENERAL
campo de control de longitud fija 170123s2016 mx sm |||||||spa d
010 ## - NÚMERO DE CONTROL DE LA BIBLIOTECA DEL CONGRESO
Número de control de LC 109325
011 ## - ENLACE DEL NUMERO DE CONTROL DE LA BIBLIOTECA DEL CONGRESO [OBSOLETO]
Número de control de LC 110297
040 ## - FUENTE DE LA CATALOGACIÓN
Centro/agencia transcriptor CHAP
090 ## - LOCALMENTE ASIGNADO TIPO-LC NÚMERO DE CLASIFICACIÓN (OCLC); NÚMERO DE CLASIFICACIÓN LOCAL (RLIN)
Número de clasificación (OCLC) (R) ; Numero de clasificación, CALL (RLIN) (NR) Tesis
100 1# - ENTRADA PRINCIPAL--NOMBRE DE PERSONA
Nombre de persona Soto Espinoza, Yschel
9 (RLIN) 108868
245 10 - MENCIÓN DE TÍTULO
Título Diseño curricular basado en competencias para la modalidad abierta y a distancia:
Medio [En línea]
Resto del título creación de la maestría en seguridad alimentaria /
Mención de responsabilidad, etc. por Yschel Soto Espinoza.
260 ## - PUBLICACIÓN, DISTRIBUCIÓN, ETC.
Lugar de publicación, distribución, etc. Chapingo, Méx. :
Nombre del editor, distribuidor, etc. El autor,
Fecha de publicación, distribución, etc. 2016.
500 ## - NOTA GENERAL
Nota general Para ver el contenido del material haga clic en la liga
502 ## - NOTA DE TESIS
Nota de tesis Tesis (Ph. D. en Ciencias en Educación Agrícola Superior) -- UACH. Departamento de Sociología Rural
590 ## - NOTA LOCAL (RLIN)
Nota local E5765TAJ
Procedencia (VM) [OBSOLETO] 05
Condición del los carretes individuales (VM) [OBSOLETO] 20170123
-- UCH01
-- 1149
590 ## - NOTA LOCAL (RLIN)
Nota local E5765TAJ
Procedencia (VM) [OBSOLETO] 05
Condición del los carretes individuales (VM) [OBSOLETO] 20170123
-- UCH01
-- 1150
650 14 - PUNTO DE ACCESO ADICIONAL DE MATERIA--TÉRMINO DE MATERIA
Término de materia o nombre geográfico como elemento de entrada Seguridad alimentaria
Subdivisión general Estudios superiores.
9 (RLIN) 131365
650 14 - PUNTO DE ACCESO ADICIONAL DE MATERIA--TÉRMINO DE MATERIA
Término de materia o nombre geográfico como elemento de entrada Seguridad alimentaria
Subdivisión general Planes de estudio.
9 (RLIN) 131366
856 ## - LOCALIZACIÓN Y ACCESO ELECTRÓNICOS
Nombre del host Finding aid
Identificador Uniforme del Recurso <a href="http://10.13.5.2/tesis/sist112864.pdf">http://10.13.5.2/tesis/sist112864.pdf</a>
Nota pública Teclea aquí
901 ## - ELEMENTOS DE DATOS A LOCAL LDA (RLIN)
a BK
942 ## - ELEMENTOS DE PUNTO DE ACCESO ADICIONAL (KOHA)
Tipo de ítem Koha Tesis
942 ## - ELEMENTOS DE PUNTO DE ACCESO ADICIONAL (KOHA)
Suprimir en OPAC 0
Holdings
Estado de retiro Estado de pérdida Fuente del sistema de clasificación o colocación Estado dañado Restricciones de uso No para préstamo Código de colección Localización permanente Ubicación/localización actual Ubicación en estantería Fecha de adquisición Información codificada de la localización en otra ubicación Total de préstamos Signatura topográfica completa Código de barras Fecha visto por última vez Número de copia Precio válido a partir de Tipo de ítem Koha Nota pública
    Clasificación Universidad Autónoma de Chapingo   Préstamo 3 días   Tesis Biblioteca Central Biblioteca Central Planta alta - Área de Tesis - Tesis 23/01/2017 TESIS   Tesis 33724002524389 31/12/2019 c.2 31/12/2019 Tesis  
        Préstamo interno2 Excluido de préstamo Tesis Biblioteca Central Biblioteca Central   23/01/2017 TESIS   Tesis 33724002524421 31/12/2019   31/12/2019 Tesis Recien adquirido